Of children : An introduction to child development

As in previous editions, this book approaches the study of child development from an inside/outside perspective, looking at children from an abstract or research-based point of view as well as from a personal or experiential perspective. The whole child is addressed at each stage of development in a...

ver descrição completa

Na minha lista:
Detalhes bibliográficos
Autor principal: Lefrancois, Guy R.
Formato: Livro
Idioma:Undetermined
Publicado em: Belmont, CA Wadsworth Pub. Co. 1995
Assuntos:
Tags: Adicionar Tag
Sem tags, seja o primeiro a adicionar uma tag!
Thư viện lưu trữ: Trung tâm Học liệu Trường Đại học Cần Thơ
LEADER 01144nam a2200217Ia 4500
001 CTU_220351
008 210402s9999 xx 000 0 und d
020 |c 1.00 
082 |a 305.231 
082 |b L495 
100 |a Lefrancois, Guy R. 
245 0 |a Of children : 
245 3 |b An introduction to child development 
245 0 |c Guy R. Lefrancois 
260 |a Belmont, CA 
260 |b Wadsworth Pub. Co. 
260 |c 1995 
520 |a As in previous editions, this book approaches the study of child development from an inside/outside perspective, looking at children from an abstract or research-based point of view as well as from a personal or experiential perspective. The whole child is addressed at each stage of development in a chronological format with each stage presenting physical, cognitive, social, and emotional facets of the child. Strong coverage of research, theory, and issues in developmental psychology is augmented with examples to show their implications to students. 
650 |a Phát triển của trẻ,Child development 
904 |i Hải 
980 |a Trung tâm Học liệu Trường Đại học Cần Thơ